Normal view
MARC view
Entry Personal Name
001 - CONTROL NUMBER
- control field: 88083
003 - CONTROL NUMBER IDENTIFIER
- control field: dpl
005 - DATE AND TIME OF LATEST TRANSACTION
- control field: 20260306151331.0
008 - FIXED-LENGTH DATA ELEMENTS
- fixed length control field: 260306|| aca||aabn | a|a d
040 ## - CATALOGING SOURCE
- Original cataloging agency: dpl
- Transcribing agency: dpl
100 ## - HEADING--PERSONAL NAME
- Personal name: यादव, प्रियंका
670 ## - SOURCE DATA FOUND
- Source citation: Work cat.: (dpl)215341: बर्णवाल, महेश कुमार 88082, भारत का भूगोल/, 2025
